| 000 | 01222nam a22003615a 4500 | ||
|---|---|---|---|
| 003 | EG-ScBUE | ||
| 005 | 20220518104018.0 | ||
| 006 | m||||fq||h 00| 0 | ||
| 008 | 161025t2013 enka f 000 0 eng d | ||
| 020 | _a9781447936947 | ||
| 020 | _a9781447906650 (CD) | ||
| 040 |
_aEG-ScBUE _beng _erda _cEG-ScBUE _dEG-ScBUE |
||
| 082 | 0 | 4 |
_a428.24 _bCUT _222 |
| 245 | 0 | 0 |
_aCutting edge. _pStarter. _pStudents' book with DVD-Rom / _cSarah Cunningham [and three others] |
| 250 | _aNew edition. | ||
| 264 | 1 |
_aHarlow, England : _bPearson Education Limited, _c[2013] |
|
| 264 | 4 | _cc2013 | |
| 300 |
_a127 pages : _billustrations ; _c30 cm + _e1 DVD. |
||
| 336 |
_2rdacontent _atext _btxt |
||
| 336 |
_2rdacontent _asounds _bsnd |
||
| 337 |
_2rdamedia _aunmediated _bn |
||
| 337 |
_2rdamedia _avideo _bv |
||
| 338 |
_2rdacarrier _avolume _bnc |
||
| 338 |
_2rdacarrier _acomputer disc _bcd |
||
| 490 | 0 | _aAlways learning | |
| 650 | 7 |
_aEnglish language _xStudy and teaching _vForeign speakers. _2BUEsh |
|
| 650 | 7 |
_aEnglish language _vTextbooks for foreign speakers. _2BUEsh |
|
| 651 | _2BUEsh | ||
| 653 |
_bNNUR _bHHUUEENN _cOctober2016 |
||
| 655 |
_vText book _933728 |
||
| 700 | 1 |
_aCunningham, Sarah, _eauthor. |
|
| 942 |
_2ddc _cTXT |
||
| 999 |
_c22857 _d22829 |
||